000 00720nam a2200241Ia 4500
003 OSt
005 20220918192726.0
006 a|||||r|||| 00| 0
007 ta
008 220917b |||||||| |||| 00| 0 eng d
024 _a69,863
037 _cTextual
040 _aARTS
_cARTS
_beng
041 _2eng
_aeng
082 _aR321xM36:9, K4
100 _aRichter Melvin
_979948
245 0 _aPolitics of conscience
_b T H Green and his age
260 _aLondon
_bWeidenfeld & Nicolson UK
_c1964
300 _a415p.
_ccm.
490 _aNature of human society series ed by Julian Pitt-Rivers and Ernest Gellner
942 _hR321xM36:9, K4
_cTEXL
_2CC
999 _c195992
_d195992